00433nam a2200157Ia 4500008004100000020001800041041001200059082001700071100002600088245003600114260004100150300001400191300001000205440002800215650003200243231221s9999 xx 000 0 und d a9790000000000 aEnglish a923.2 MAR;1 aMarcello, Patricia C. 0aMohandas K Gandhi : a biography c2010bJaico Publishing HouseaMumbai axiii, 166 c78244 aJaico great lives sries aMohandas,K,Gandhi,biography